|
|
|
|
| LEADER |
00000nam0a2200000 4500 |
| 001 |
331158 |
| 005 |
20231102004329.0 |
| 035 |
|
|
|a (RuTPU)RU\TPU\book\356951
|
| 035 |
|
|
|a RU\TPU\book\328089
|
| 090 |
|
|
|a 331158
|
| 100 |
|
|
|a 20170417d1981 k y0rusy50 ca
|
| 101 |
0 |
|
|a rus
|
| 102 |
|
|
|a RU
|
| 105 |
|
|
|a a z 001zy
|
| 200 |
1 |
|
|a Новые разработки в области сварки давлением в энергомашиностроении
|f Центральный научно-исследовательский институт технологии и машиностроения (ЦНИИТМАШ) ; под ред. Э. С. Слепака
|
| 210 |
|
|
|a Москва
|c Изд-во ЦНИИТМАШ
|d 1981
|
| 215 |
|
|
|a 84 с.
|c ил.
|
| 225 |
1 |
|
|a Труды ЦНИИТМАШ
|v № 161
|
| 320 |
|
|
|a Библиография в конце статей
|
| 606 |
1 |
|
|a Сварка давлением
|2 stltpush
|3 (RuTPU)RU\TPU\subj\72603
|9 86044
|
| 610 |
1 |
|
|a технологии
|
| 610 |
1 |
|
|a оборудование
|
| 610 |
1 |
|
|a производство
|
| 610 |
1 |
|
|a контактная сварка
|
| 610 |
1 |
|
|a свойства
|
| 610 |
1 |
|
|a трубы
|
| 610 |
1 |
|
|a контактная стыковая сварка
|
| 610 |
1 |
|
|a сварные соединения
|
| 610 |
1 |
|
|a биметаллы
|
| 610 |
1 |
|
|a сварка взрывом
|
| 610 |
1 |
|
|a котельные трубы
|
| 675 |
|
|
|a 621.791.66
|v 3
|
| 702 |
|
1 |
|a Слепак
|b Э. С.
|4 340
|
| 712 |
0 |
2 |
|a Центральный научно-исследовательский институт технологии и машиностроения (ЦНИИТМАШ)
|c (Москва)
|2 stltpush
|3 (RuTPU)RU\TPU\col\7458
|
| 801 |
|
1 |
|a RU
|b 63413507
|c 20090917
|
| 801 |
|
2 |
|a RU
|b 63413507
|c 20170421
|g RCR
|
| 942 |
|
|
|c BK
|